000 00353 a2200169 4500
001 195095
020 _a978-85-0802681-4
040 _cMagnum
100 _aDupré, Maria José
240 1 0 _aA ilha perdida
_lpor
245 1 0 _aA ilha perdida
300 _a127
362 0 _a2008
440 1 _aÁtica
697 _aLITERATURA JUVENIL
942 _cBK
999 _c195095
_d195095